| 000 | 00455cam a2200157 4500 | ||
|---|---|---|---|
| 001 | D11147 | ||
| 008 | 090401t xxu||||| |||| 00| 0 eng d | ||
| 035 | _a(Sirsi) u97421 | ||
| 041 | _aeng | ||
| 100 | _aMorrison, N.A.D. | ||
| 245 | _aEffective and efficient cost planning | ||
| 350 | _a0 | ||
| 520 | _aIn RICS Quantity Surveyors` Division. Cost planning and computers. One-day conference, 1st December 1981. 1981/87A | ||
| 942 | _n0 | ||
| 948 | _c04/03/1997 | ||
| 999 |
_c98886 _d98886 |
||